Hotel guide the Slovak republic 2002 [hotely a ubytovanie na Slovensku

Salvato in:
Dettagli Bibliografici
Natura: Libro
Lingua:slovacco
inglese
tedesco
Pubblicazione: Brno Computer Press 2002
Soggetti:
Tags: Aggiungi Tag
Nessun Tag, puoi essere il primo ad aggiungerne!!

MARC

LEADER 00000nam a2200000 4500
001 c134894
005 20240821125825.0
020 |a 80-968678-0-6 
041 0 |a slo 
041 0 |a eng 
041 0 |a ger 
044 |a CZ 
245 1 0 |a Hotel guide the Slovak republic 2002  |b [hotely a ubytovanie na Slovensku  |c [šéfredaktor: Vladimír Hronský] ; [preklad: Mikuláš Getler ... [et al.]] 
264 1 |a Brno  |b Computer Press  |c 2002 
300 |a 376 s. 
610 2 0 |a ruch cestovný 
610 2 0 |a turistika 
610 2 0 |a hotely 
610 2 0 |a ubytovanie 
610 2 0 |a zariadenia rekreačné 
610 2 0 |a zariadenia stravovacie 
610 2 0 |a zariadenia ubytovacie 
610 2 0 |a služby 
610 2 0 |a Slovensko